Illmatic Songs - Statistics

General Stats
  • This quiz has been taken 88 times
  • The average score is 8 of 10
Answer Stats
Track Number Answer % Correct
2 N.Y. State of Mind
96%
4 The World is Yours
87%
3 Life's a B****
83%
5 Halftime
81%
1 The Genesis
79%
10 It Ain't Hard to Tell
77%
7 One Love
75%
9 Represent
75%
8 One Time 4 Your Mind
64%
6 Memory Lane (Sittin' in da Park)
43%
No matching quizzes found
Score Distribution
Percent of People with Each Score
Percentile by Number Answered
Your Score History
You have not taken this quiz